000
00347 a2200169 4500
001
188176
020
_a
040
_c
Magnum
100
_a
Orthof, Sylvia
240
1
0
_a
Fada fofa, onça-fada
_l
por
245
1
0
_a
Fada fofa, onça-fada
300
_a
32
362
0
_a
1998
440
1
_a
Ediouro
697
_a
LITERATURA INFANTO
942
_c
BK
999
_c
188176
_d
188176